000 00280nam a2200109Ia 4500
008 230907s9999||||xx |||||||||||||| ||und||
082 _a662.88
_bBIO
245 0 _aBiofuels /
260 _aASTM International,
_bWest Conshohocken, PA :
_c2011
300 _aix, 623 p. :
942 _cBK
999 _c599871
_d599871